50 wasiat Rasulullah s.a.w. untuk wanita / (Record no. 897)
[ view plain ]
| 000 -LEADER | |
|---|---|
| fixed length control field | nam a22 a 4500 |
| 003 - CONTROL NUMBER IDENTIFIER | |
| control field | AKMAL |
| 005 - DATE AND TIME OF LATEST TRANSACTION | |
| control field | 20170505164143.0 |
| 008 - FIXED-LENGTH DATA ELEMENTS--GENERAL INFORMATION | |
| fixed length control field | 170505s1998 my 00 may d |
| 020 ## - INTERNATIONAL STANDARD BOOK NUMBER | |
| International Standard Book Number | 9839062662: |
| Terms of availability | RM26.00 |
| 040 ## - CATALOGING SOURCE | |
| Original cataloging agency | AKMAL |
| Transcribing agency | AKMAL |
| 041 1# - LANGUAGE CODE | |
| Language code of text/sound track or separate title | may |
| Language code of original | ara |
| 049 00 - LOCAL HOLDINGS (OCLC) | |
| Holding library | klpmal |
| 082 04 - DEWEY DECIMAL CLASSIFICATION NUMBER | |
| Classification number | 297.19 IBR |
| 090 00 - LOCALLY ASSIGNED LC-TYPE CALL NUMBER (OCLC); LOCAL CALL NUMBER (RLIN) | |
| Classification number (OCLC) (R) ; Classification number, CALL (RLIN) (NR) | 297.19 |
| Local cutter number (OCLC) ; Book number/undivided call number, CALL (RLIN) | IBR |
| 090 00 - LOCALLY ASSIGNED LC-TYPE CALL NUMBER (OCLC); LOCAL CALL NUMBER (RLIN) | |
| Classification number (OCLC) (R) ; Classification number, CALL (RLIN) (NR) | 297.19 |
| Local cutter number (OCLC) ; Book number/undivided call number, CALL (RLIN) | IBR |
| 100 1# - MAIN ENTRY--PERSONAL NAME | |
| Personal name | Ibrahim, Majdi al-Sayyid |
| 9 (RLIN) | 1916 |
| 245 10 - TITLE STATEMENT | |
| Title | 50 wasiat Rasulullah s.a.w. untuk wanita / |
| Statement of responsibility, etc. | Majdi As-Sayyid Ibrahim ; penterjemah edisi Malaysia Hanifah binti Uthman |
| 250 ## - EDITION STATEMENT | |
| Edition statement | Edisi Malaysia |
| 260 ## - PUBLICATION, DISTRIBUTION, ETC. | |
| Place of publication, distribution, etc. | Kuala Lumpur : |
| Name of publisher, distributor, etc. | Pustaka Syuhada, |
| Date of publication, distribution, etc. | 1998 |
| 300 00 - PHYSICAL DESCRIPTION | |
| Extent | xv, 533ms. ; |
| Dimensions | 22cm |
| 500 ## - GENERAL NOTE | |
| General note | Mengandungi ayat-ayat dari Quran |
| 500 ## - GENERAL NOTE | |
| General note | Terjemahan dari: Khamsuna Wasiyyah Min Wasaya Ar-Rasul sallalahu 'alaihi Wasallam Lin-Nisa'. -Mesir: Maktabatul - Qur'an, 1998 |
| 650 #0 - SUBJECT ADDED ENTRY--TOPICAL TERM | |
| Topical term or geographic name entry element | Women, Muslim |
| General subdivision | Religious life |
| 9 (RLIN) | 1917 |
| 650 #0 - SUBJECT ADDED ENTRY--TOPICAL TERM | |
| Topical term or geographic name entry element | Muslim women |
| General subdivision | Conduct of life |
| 9 (RLIN) | 1655 |
| 650 #0 - SUBJECT ADDED ENTRY--TOPICAL TERM | |
| Topical term or geographic name entry element | Islam |
| General subdivision | Customs and practices |
| 9 (RLIN) | 1330 |
| 650 #0 - SUBJECT ADDED ENTRY--TOPICAL TERM | |
| Topical term or geographic name entry element | Islam |
| General subdivision | Doctrines |
| 9 (RLIN) | 894 |
| 700 0# - ADDED ENTRY--PERSONAL NAME | |
| Personal name | Hanifah Uthman |
| 9 (RLIN) | 1918 |
| 942 ## - ADDED ENTRY ELEMENTS (KOHA) | |
| Source of classification or shelving scheme | |
| Koha item type | Book |
| Withdrawn status | Lost status | Source of classification or shelving scheme | Damaged status | Not for loan | Home library | Current library | Date acquired | Inventory number | Total Checkouts | Full call number | Barcode | Date last seen | Price effective from | Koha item type |
|---|---|---|---|---|---|---|---|---|---|---|---|---|---|---|
| AKMAL Melaka | AKMAL Melaka | 05.05.2017 | 200612 | 297.19 IBR | 201701962 | 05.05.2017 | 05.05.2017 | Book |
